000 00711cam a22002651 4500
001 9824324
003 OSt
005 20140310182002.0
008 720511s1958 xx 000 0 eng
010 _a 59016183
035 _a(OCoLC)306308
040 _aDLC
_cODaWU
_dDLC
042 _apremarc
050 0 0 _aPZ 10.3
_b.B174 1958
082 _aKF
_bB18w 1958
100 1 _aBalch, Glenn
_d1902-
_95234
245 1 0 _aWhite Ruff /
_cGlenn Balch.
260 _bNew York :
_cScholastic Books Services,
_ac1958.
300 _a235 p. :
_c19 cm.
440 0 _aFamous dog stories
_95235
541 _j1
562 _e1
906 _a7
_bcbc
_coclcrpl
_du
_encip
_f19
_gy-gencatlg
942 _2lcc
_cBK-KF
_kKF
999 _c8020
_d8020